000 00588cam a2200181 4500500
005 20260329004417.0
041 _afre
042 _adc
100 1 0 _aPortevin, Catherine
_eauthor
245 0 0 _aIndignation totale. Ce que notre addiction au scandale dit de nous
260 _c2019.
500 _a60
690 _aIndignation
690 _aLaurent de Sutter
690 _aScandale
786 0 _nPhilosophie magazine | 133 | 10 | 2019-10-01 | p. 61-62 | 1951-1787
856 4 1 _uhttps://shs.cairn.info/magazine-philosophie-magazine-2019-10-page-61?lang=fr&redirect-ssocas=7080
999 _c1833579
_d1833579